Respiración de embriones de caimán Crocodilus fuscus (Cope, 1868) Crocodylia: Alligatoridae (Registro nro. 16134)

Detalles MARC
000 -CABECERA
Campo de control 004530000a22001330004500
090 ## - CLASIFICACIÓN LOCAL
Colección AS
Consecutivo Seriadas
041 0# - IDIOMA
Código de idioma para texto/pista de sonido o título separado
100 1# - ASIENTO PRINCIPAL--NOMBRE PERSONAL
Nombre personal Rodríguez M., Miguel A.
245 10 - MENCION DE TITULO
Título Respiración de embriones de caimán Crocodilus fuscus (Cope, 1868) Crocodylia: Alligatoridae
700 1# - ASIENTO SECUNDARIO - NOMBRE PERSONAL
Nombre personal Stoneroock, Michael
700 1# - ASIENTO SECUNDARIO - NOMBRE PERSONAL
Nombre personal Ulloa D., Giovanni
773 1# - Item fuente:
Título Trianea
Datos de la serie Acta Científica y Tecnológica
Descripción física 5
Paginas del Articulo 123-131
Lugar, editorial y fecha de publicación 1994
942 ## - ELEMENTOS ADICIONALES (KOHA)
Tipo de ítem Artículo

No hay ítems disponibles.